000 00517nam a2200169Ia 4500
999 _c20930
_d20930
003 OSt
005 20200609113123.0
008 190216s9999||||xx |||||||||||||| ||und||
020 _a8178351803
040 _coclc
082 _a327.730567
_bCHO/G
100 _aChopra, V D
_92663
245 0 _aGenesis And Fall Out Of Us - Uk Military Action In Iraq /
_cV D Chopra
260 _bKalpaz Publications,
_c2004.
_aDelhi;
300 _a302p
942 _cBK
_2ddc
_h327.730567
_iCHO/G
_k327.730567
_mCHO/G